Socialism : An economic and sociological analysis

保存先:
書誌詳細
第一著者: Mises, Ludwig von
フォーマット: 図書
言語:Undetermined
出版事項: New Haven Yale University Press 1951
主題:
タグ: タグ追加
タグなし, このレコードへの初めてのタグを付けませんか!
Thư viện lưu trữ: Trung tâm Học liệu Trường Đại học Cần Thơ
LEADER 00485nam a2200181Ia 4500
001 CTU_78740
008 210402s9999 xx 000 0 und d
082 |a 335 
082 |b M678 
100 |a Mises, Ludwig von 
245 0 |a Socialism : 
245 3 |b An economic and sociological analysis 
245 0 |c Ludwig von Mises 
260 |a New Haven 
260 |b Yale University Press 
260 |c 1951 
650 |a Socialism 
980 |a Trung tâm Học liệu Trường Đại học Cần Thơ